[Event "Bolivar City IRT 1st"]
[Site "Bolivar"]
[Date "2019.06.15"]
[Round "1.11"]
[White "Luna, Nicolas"]
[Black "Casasola, Guadalupe"]
[Result "1-0"]
[WhiteElo "1867"]
[BlackElo "1459"]
[PlyCount "37"]
[EventDate "2019.06.15"]
[EventType "swiss"]
[EventRounds "6"]
[EventCountry "ARG"]
[SourceTitle "EXT 2024"]
[Source "ChessBase"]
[SourceDate "2023.10.10"]
[SourceVersion "1"]
[SourceVersionDate "2023.10.10"]
[SourceQuality "1"]

1. d4 Nf6 2. Bg5 e6 3. e4 Be7 4. Bd3 d5 5. e5 Nfd7 6. Bxe7 Qxe7 7. Ne2 Qb4+ 8. Nbc3 Qxb2 9. 0-0 Qa3 10. f4 Qe7 11. f5 b6 12. fxe6 fxe6 13. Nf4 Nxe5 14. dxe5 Qc5+ 15. Kh1 Qxc3 16. Qh5+ Ke7 17. Ng6+ hxg6 18. Qxh8 Kd7 19. Bb5+ 1-0

[Event "ARG-ch Amateur U2000"]
[Site "Torre Blanca"]
[Date "2016.12.09"]
[Round "5.2"]
[White "Lingiardi, Oscar"]
[Black "Luna, Nicolas"]
[Result "1/2-1/2"]
[WhiteElo "1872"]
[BlackElo "1899"]
[PlyCount "100"]
[EventDate "2016.12.08"]
[EventType "swiss"]
[EventRounds "9"]
[EventCountry "ARG"]
[SourceTitle "EXT 2024"]
[Source "ChessBase"]
[SourceDate "2023.10.10"]
[SourceVersion "1"]
[SourceVersionDate "2023.10.10"]
[SourceQuality "1"]

1. e4 c6 2. d4 d5 3. exd5 cxd5 4. Bd3 Nc6 5. c3 Nf6 6. h3 e5 7. dxe5 Nxe5 8. Nf3 Nxd3+ 9. Qxd3 Be7 10. 0-0 0-0 11. Bg5 h6 12. Be3 Be6 13. Nbd2 Bd6 14. Rad1 Qc7 15. Nd4 Bd7 16. Rfe1 a6 17. Nf5 Rae8 18. Nf3 Re4 19. Nxd6 Qxd6 20. Bd4 Rfe8 21. Bxf6 Qxf6 22. Rxe4 Rxe4 23. Qxd5 Bc6 24. Qd8+ Qxd8 25. Rxd8+ Kh7 26. Nd4 Re1+ 27. Kh2 Ra1 28. Nxc6 bxc6 29. a3 Rb1 30. Rb8 Kg6 31. Rb6 f6 32. b4 Rb3 33. c4 a5 34. bxa5 Rxa3 35. Rxc6 Rxa5 36. Rc7 Ra3 37. f3 Rc3 38. c5 h5 39. h4 Kf5 40. c6 g6 41. Rc8 Rc2 42. c7 Ke6 43. Rg8 Rxc7 44. Rxg6 Kf7 45. Rg3 Rc4 46. Rh3 Kg6 47. Kg3 Rc1 48. Rh2 Kf5 49. Rh3 Ra1 50. Rh2 Rc1 1/2-1/2